书目信息 |
| 题名: |
膨胀土的工程特征及改良
|
|
| 作者: | 翟聚云 , 朱晗宇 著 | |
| 分册: | ||
| 出版信息: | 郑州 郑州大学出版社 2022.02 |
|
| 页数: | 139页 | |
| 开本: | 26cm | |
| 丛书名: | ||
| 单 册: | ||
| 中图分类: | TU475 | |
| 科图分类: | ||
| 主题词: | 膨胀土--peng zhang tu--基础(工程)--研究--平顶山 | |
| 电子资源: | ||
| ISBN: | 978-7-5645-8357-6 | |
| 000 | 01007nam0 2200229 450 | |
| 001 | 011025153534 | |
| 005 | 20221025153534.0 | |
| 010 | @a978-7-5645-8357-6@dCNY36.00 | |
| 100 | @a20201004d2022 em y0chiy0120 ea | |
| 101 | 0 | @achi |
| 102 | @aCN@b410000 | |
| 105 | @aa z 000yy | |
| 106 | @ar | |
| 200 | 1 | @a膨胀土的工程特征及改良@Apeng zhang tu de gong cheng te zheng ji gai liang@e以平顶山地区为例@f翟聚云, 朱晗宇著 |
| 210 | @a郑州@c郑州大学出版社@d2022.02 | |
| 215 | @a139页@c图@d26cm | |
| 330 | @a本书对膨胀土工程特征及处理技术进行了较为全面的分析,内容主要包括平顶山气候及工程地质特点,平顶山膨胀土基本特征,水分、温度及干湿循环条件下膨胀土的抗剪强度的特征,渗漏条件下液气态水分的迁移及地表蒸发条件下膨胀土的水分分布特征,不同配比建筑垃圾膨胀土混合土体的特征,粉煤灰改良膨胀土的特征等方面的内容。 | |
| 606 | 0 | @a膨胀土@Apeng zhang tu@x基础(工程)@x研究@y平顶山 |
| 690 | @aTU475@v5 | |
| 701 | 0 | @a翟聚云@Adi ju yun@4著 |
| 701 | 0 | @a朱晗宇@Azhu han yu@4著 |
| 905 | @a河南城建学院图书馆@dTU475@eZ046 | |
| 膨胀土的工程特征及改良:以平顶山地区为例/翟聚云, 朱晗宇著.-郑州:郑州大学出版社,2022.02 |
| 139页:图;26cm |
| ISBN 978-7-5645-8357-6:CNY36.00 |
| 本书对膨胀土工程特征及处理技术进行了较为全面的分析,内容主要包括平顶山气候及工程地质特点,平顶山膨胀土基本特征,水分、温度及干湿循环条件下膨胀土的抗剪强度的特征,渗漏条件下液气态水分的迁移及地表蒸发条件下膨胀土的水分分布特征,不同配比建筑垃圾膨胀土混合土体的特征,粉煤灰改良膨胀土的特征等方面的内容。 |
| ● |
| 相关链接 |
|
|
|
正题名:膨胀土的工程特征及改良
索取号:TU475/Z046
 
预约/预借
| 序号 | 登录号 | 条形码 | 馆藏地/架位号 | 状态 | 备注 |
| 1 | 1588367 | 215883676 | 建筑库101/101建筑库 98排4列3层/ [索取号:TU475/Z046] | 在馆 | |
| 2 | 1588368 | 215883685 | 建筑库101/101建筑库 98排4列3层/ [索取号:TU475/Z046] | 在馆 |